00588nam a2200157Ia 4500008004100000020001800041041000800059082001500067100002300082245007500105260002800180300000900208500001000217999001700227952018600244220803s9999 xx 000 0 und d a9788192798127 aeng a720.92 SIN aSingh S Ed.925931 aVernacular Settlements In Chanderi : Towards Innovation And Sustenance aBhopalbSPA Pressc2017 a120p aARCHI c16627d16627 001040738Book of B ArchaBNCAbBNCAd2017-11-03eManoramabai Mundle College Of Architectureg800.00o720.9 SINpBNCA-BK-10380r2022-08-03 00:00:00v800.00w2017-10-27yBKzB10380